<?xml version="1.0" encoding="UTF-8"?>
<record
    xmlns:xsi="http://www.w3.org/2001/XMLSchema-instance"
    xsi:schemaLocation="http://www.loc.gov/MARC21/slim http://www.loc.gov/standards/marcxml/schema/MARC21slim.xsd"
    xmlns="http://www.loc.gov/MARC21/slim">

  <leader>00942nab a2200205 i 4500</leader>
  <controlfield tag="001">768714001</controlfield>
  <controlfield tag="003">CO-MdFUSB</controlfield>
  <controlfield tag="005">20240507143141.0</controlfield>
  <controlfield tag="008">240507t1968    sp ||||| |||| 00| 0 spa d</controlfield>
  <datafield tag="040" ind1=" " ind2=" ">
    <subfield code="b">spa</subfield>
    <subfield code="c">CO-MdFUSB</subfield>
    <subfield code="d">CO-MdFUSB</subfield>
  </datafield>
  <datafield tag="041" ind1=" " ind2=" ">
    <subfield code="a">spa</subfield>
  </datafield>
  <datafield tag="100" ind1=" " ind2=" ">
    <subfield code="a">Rousseau, Olivier, </subfield>
    <subfield code="e">autor</subfield>
  </datafield>
  <datafield tag="245" ind1=" " ind2=" ">
    <subfield code="a">Profetismo y ecumenismo</subfield>
    <subfield code="c">/ Olivier Rousseau</subfield>
  </datafield>
  <datafield tag="520" ind1=" " ind2=" ">
    <subfield code="a">Perspectiva hist&#xF3;rica del profetismo y ecumenismo.  
Los or&#xED;genes del movimiento ecum&#xE9;nico se remontan, en el protestantismo, a una serie de grandes vocaciones de car&#xE1;cter carism&#xE1;tico, en las que el siglo XIX fue pr&#xF3;digo, en diferentes pa&#xED;ses. </subfield>
  </datafield>
  <datafield tag="650" ind1=" " ind2="0">
    <subfield code="a"> Ecumenismo </subfield>
    <subfield code="x">Historia</subfield>
    <subfield code="9">1146</subfield>
  </datafield>
  <datafield tag="653" ind1=" " ind2=" ">
    <subfield code="a">Profetismo</subfield>
  </datafield>
  <datafield tag="773" ind1="0" ind2=" ">
    <subfield code="0">49450</subfield>
    <subfield code="9">82597</subfield>
    <subfield code="o">R2527</subfield>
    <subfield code="t">Revista internacional de teolog&#xED;a Concilium</subfield>
    <subfield code="w">(CO-MdFUSB)8</subfield>
    <subfield code="x">0210-1041</subfield>
    <subfield code="g">N&#xFA;mero 37, (julio - agosto, 1968), p&#xE1;ginas: 99 - 112</subfield>
    <subfield code="q">p&#xE1;gina: 99</subfield>
  </datafield>
  <datafield tag="942" ind1=" " ind2=" ">
    <subfield code="c">ANA</subfield>
  </datafield>
  <datafield tag="945" ind1=" " ind2=" ">
    <subfield code="a">Catherine Arias Alvarez - Practicante SENA</subfield>
  </datafield>
  <datafield tag="999" ind1=" " ind2=" ">
    <subfield code="c">69545</subfield>
    <subfield code="d">69545</subfield>
  </datafield>
</record>
